Statistics for The Office (U.S.) Season Four Trivia

Click here to take the quiz!

General Stats

  • This quiz has been taken 3,678 times
    (3,677 since last reset)
  • The average score is 9 of 13

Answer Stats

Hint Answer % Correct
Who does Michael hit with his car?Meredith
96%
What is the name of Dwight's cousin who lives with him at Schrute Farms?Mose
94%
Who brings their old babysitter as a date to Michael and Jan's dinner party?Dwight
94%
What is the name of Angela's cat which is killed by Dwight?Sprinkles
82%
Which character wants a cobbler for his birthday instead of a cake?Creed
81%
Which of Jim's coworkers keeps beating him at ping-pong?Darryl
81%
Who is manager of the Dunder Mifflin Utica branch?Karen
77%
What is the name of the exclusive club that Pam, Toby, and Oscar are a part of?The Finer Things Club
75%
Which two characters get engaged in Season Four?Angela and Andy
72%
What is the name of the cat that Dwight tries to give to Angela as a replacement?Garbage
71%
What website does Pam use to get information about Dwight's bed and breakfast?Trip Advisor
48%
What song do Michael and Dwight sing at the chair model's grave?American Pie
40%
What is the name of Ryan's friend who reminds Dwight of a hobbit?Troy
16%

Score Distribution

Percentile by Number Answered

Percent of People with Each Score

Your Score History

You have not taken this quiz since the last reset